Les joueurs du PSG en Ligue des Champions 2015/16. - Statistiques

Statistiques générales
  • Ce quiz a été pris 29 fois
  • Le résultat moyen est 15 sur 21
Statistiques - réponses
Pays Ages Joueurs Minutes G+A Notes % Correct
Suède 33 Zlatan Ibrahimovic 880 9 7.50
100%
Uruguay 28 Edinson Cavani 641 2 6.82
96%
Argentine 27 Angel Di Maria 766 6 7.58
93%
Italie 22 Marco Verratti 356 1 7.60
93%
France 28 Blaise Matuidi 761 2 6.97
89%
Allemagne 24 Kevin Trapp 900 0 7.03
89%
Brésil 21 Marquinhos 540 0 7.30
89%
Brésil 30 Thiago Silva 810 0 7.46
89%
Côte d'Ivoire 22 Serge Aurier 409 1 7.16
81%
Argentine 30 Ezequiel Lavezzi 87 0 6.85
78%
Pays-Bas 27 Gregory Van Der Wiel 375 1 7.04
74%
Brésil 33 Maxwell 810 2 7.07
74%
Brésil 22 Lucas 366 2 7.17
70%
Italie 32 Thiago Motta 743 0 7.17
70%
France 20 Adrien Rabiot 523 3 7.29
67%
Brésil 28 David Luiz 630 1 7.40
67%
Argentine 26 Javier Pastore 97 0 6.67
67%
France 22 Layvin Kurzawa 90 0 7.60
44%
France 17 Christopher Nkunku 3 0 N/N
41%
France 18 Jean-kévin Augustin 6 0 6.60
37%
France 24 Benjamin Stambouli 111 0 6.90
19%
Aucun quiz correspondant
Distribution des résultats
% des personnes avec chaque résultat
Percentile par nombre de réponses
Votre historique - résultats
Vous n’avez pas pris ce quiz